[Event "European Seniors Teams Ch."]
[Site "Olympus"]
[Date "2011.05.10"]
[Round "8"]
[Board "1"]
[White "Rooze, Jan"]
[Black "Sorensen, Bent"]
[Result "1-0"]
[WhiteElo "2333"]
[BlackElo "2343"]
[PlyCount "65"]
[EventDate "2011.05.03"]
[EventType "team"]
[EventRounds "9"]
[EventCountry "GRE"]
[WhiteTeam "Belgium"]
[BlackTeam "Denmark 1"]

1.e4 e6 2.d4 d5 3.Nd2 Be7 4.Bd3 c5 5.dxc5 Nf6 6.Qe2 O-O 7.Ngf3 Bxc5 8.O-O Nc6
9.a3 Re8 10.e5 Nd7 11.Nb3 Be7 12.Bd2 f6 13.exf6 Bxf6 14.c4 dxc4 15.Bxc4 Bxb2
16.Rad1 Qe7 17.Ng5 Nde5 18.Bb5 Bd7 19.f4 Nd4 20.Nxd4 Bxd4+ 21.Kh1 Bxb5 22.Qxb5
Nc6 23.f5 Rad8 24.Nxe6 Rd7 25.Bb4 Nxb4 26.axb4 a6 27.Qc4 b5 28.Qb3 Qf7 29.Rxd4
Rxd4 30.Nxd4 Qxb3 31.Nxb3 Re4 32.Nc5 Rxb4 33.Nxa6 1-0

[Event "European Seniors Teams Ch."]
[Site "Olympus"]
[Date "2011.05.10"]
[Round "8"]
[Board "4"]
[White "Jorgensen, Jorgen"]
[Black "Hajenius, Willem"]
[Result "1-0"]
[WhiteElo "2221"]
[BlackElo "1983"]
[PlyCount "57"]
[EventDate "2011.05.03"]
[EventType "team"]
[EventRounds "9"]
[EventCountry "GRE"]
[WhiteTeam "Denmark 1"]
[BlackTeam "Belgium"]

1.c4 Nf6 2.Nc3 g6 3.g3 Bg7 4.Bg2 d6 5.d4 O-O 6.Nf3 c6 7.O-O Nbd7 8.Qc2 Re8 9.h3
e5 10.Be3 Nb6 11.b3 Bf5 12.Qd2 Ne4 13.Nxe4 Bxe4 14.Rac1 Bf5 15.Rfd1 e4 16.Nh2
Qe7 17.Qb4 a5 18.Qa3 Qd7 19.g4 Be6 20.d5 Nxd5 21.cxd5 Bxd5 22.Bd4 Bh6 23.e3 f5
24.Ba1 Qe7 25.Qb2 Kf7 26.Rxd5 cxd5 27.Rc7 Qxc7 28.Qf6+ Kg8 29.Qh8+ 1-0

[Event "European Seniors Teams Ch."]
[Site "Olympus"]
[Date "2011.05.10"]
[Round "8"]
[Board "1"]
[White "Danner, Georg"]
[Black "Byway, Paul V"]
[Result "1-0"]
[WhiteElo "2416"]
[BlackElo "2162"]
[PlyCount "133"]
[EventDate "2011.05.03"]
[EventType "team"]
[EventRounds "9"]
[EventCountry "GRE"]
[WhiteTeam "Austria"]
[BlackTeam "England 1"]

1.d4 d5 2.Nf3 e6 3.e3 Nf6 4.Bd3 c5 5.b3 Nc6 6.O-O Bd6 7.Bb2 Qc7 8.dxc5 Bxc5
9.Nbd2 Bd6 10.c4 Ne5 11.Bxe5 Bxe5 12.Rc1 Qd6 13.Qe2 O-O 14.Rfd1 Re8 15.cxd5 exd5
16.Bb5 Bd7 17.Nxe5 Qxe5 18.Nf3 Qd6 19.Bxd7 Qxd7 20.Rc2 Rac8 21.Rdc1 Ne4 22.Nd4
a6 23.h3 g6 24.Qd3 Ng5 25.Ne2 Rxc2 26.Rxc2 Ne6 27.Rd2 Rd8 28.Qc3 Qe7 29.b4 Rd7
30.a3 Qd8 31.Qe5 a5 32.Nc3 Qc7 33.Qxc7 Rxc7 34.Nxd5 Rc1+ 35.Kh2 axb4 36.axb4 Kg7
37.Kg3 h5 38.h4 Rb1 39.f3 Nd8 40.Nc3 Rb3 41.Rxd8 Rxc3 42.Rd7 Rxe3 43.Rxb7 Rb3
44.Kf4 Rb2 45.g3 Kf6 46.Rb8 Ke6 47.Rb6+ Kd5 48.g4 Rh2 49.Rf6 Rxh4 50.Rxf7 hxg4
51.fxg4 Rh8 52.Rd7+ Kc4 53.Rb7 Rd8 54.Kg5 Rd6 55.Kh6 Re6 56.g5 Rd6 57.Rb8 Re6
58.b5 Kc5 59.b6 Kc6 60.Rg8 Kb7 61.Rg7+ Kb8 62.Rxg6 Re1 63.Rf6 Rh1+ 64.Kg7 Kb7
65.g6 Rd1 66.Kh7 Rh1+ 67.Kg8 1-0

[Event "European Seniors Teams Ch."]
[Site "Olympus"]
[Date "2011.05.10"]
[Round "8"]
[Board "2"]
[White "James, Geoffrey H"]
[Black "Hoelzl, Franz"]
[Result "1/2-1/2"]
[WhiteElo "2207"]
[BlackElo "2342"]
[PlyCount "81"]
[EventDate "2011.05.03"]
[EventType "team"]
[EventRounds "9"]
[EventCountry "GRE"]
[WhiteTeam "England 1"]
[BlackTeam "Austria"]

1.e4 c5 2.Nf3 Nc6 3.Bb5 Nf6 4.Nc3 Qc7 5.O-O e6 6.Re1 a6 7.Bxc6 Qxc6 8.d4 Qc7
9.d5 e5 10.Bg5 d6 11.Bxf6 gxf6 12.Nh4 Bh6 13.Nf5 Bxf5 14.exf5 Ke7 15.Ne4 Qc8
16.Qh5 Qf8 17.Rad1 c4 18.a4 Rg8 19.b3 cxb3 20.cxb3 Qg7 21.g3 Rac8 22.Re2 Rc7
23.Nd2 Bxd2 24.Rdxd2 Rgc8 25.Qf3 Qh6 26.Qe4 Qf8 27.Rc2 Qd8 28.Rc4 Rxc4 29.bxc4
Qb6 30.Re1 Rc5 31.Rb1 Qc7 32.Kg2 b6 33.Qe3 a5 34.Qd3 Rxc4 35.Rxb6 Rxa4 36.Qb3
Qc4 37.Rb7+ Kf8 38.Rb8+ Kg7 39.Qxc4 Rxc4 40.Rd8 Rd4 41.Rxd6 1/2-1/2

[Event "European Seniors Teams Ch."]
[Site "Olympus"]
[Date "2011.05.10"]
[Round "8"]
[Board "3"]
[White "Ager, Josef"]
[Black "Norman, Kenneth I"]
[Result "1/2-1/2"]
[WhiteElo "2188"]
[BlackElo "2188"]
[PlyCount "54"]
[EventDate "2011.05.03"]
[EventType "team"]
[EventRounds "9"]
[EventCountry "GRE"]
[WhiteTeam "Austria"]
[BlackTeam "England 1"]

1.c4 Nf6 2.Nc3 c5 3.Nf3 b6 4.g3 Bb7 5.Bg2 e6 6.O-O a6 7.d4 cxd4 8.Qxd4 d6 9.Rd1
Nbd7 10.b3 Be7 11.Bb2 O-O 12.Rac1 Re8 13.Ne1 Bxg2 14.Nxg2 Bf8 15.Ne4 Nxe4
16.Qxe4 Qb8 17.Ne3 b5 18.Qf4 Nc5 19.Rc2 b4 20.Qf3 a5 21.Ng2 Qb7 22.Qxb7 Nxb7
23.Nf4 a4 24.Nd3 axb3 25.axb3 Na5 26.Nc1 Rec8 27.Rcd2 Rc6 1/2-1/2

[Event "European Seniors Teams Ch."]
[Site "Olympus"]
[Date "2011.05.10"]
[Round "8"]
[Board "4"]
[White "Singleton, Michael P F"]
[Black "Singer, Hans"]
[Result "0-1"]
[WhiteElo "2162"]
[BlackElo "2274"]
[PlyCount "106"]
[EventDate "2011.05.03"]
[EventType "team"]
[EventRounds "9"]
[EventCountry "GRE"]
[WhiteTeam "England 1"]
[BlackTeam "Austria"]

1.d4 Nf6 2.c4 e6 3.Nc3 d5 4.Bg5 Be7 5.e3 h6 6.Bh4 b6 7.Nf3 O-O 8.cxd5 Nxd5
9.Bxe7 Qxe7 10.Nxd5 exd5 11.Rc1 Be6 12.Bd3 c5 13.O-O Nc6 14.Bb1 g6 15.dxc5 bxc5
16.Qa4 Rfc8 17.h4 Rab8 18.h5 Rb4 19.Qc2 Rc4 20.Qd2 g5 21.Rxc4 dxc4 22.Qc2 Qf6
23.Nd2 Nb4 24.Qh7+ Kf8 25.f4 gxf4 26.Rxf4 Qg7 27.Qe4 Bd5 28.Qg6 Rd8 29.Qxg7+
Kxg7 30.Bf5 Nxa2 31.e4 c3 32.bxc3 Nxc3 33.Rf3 Ne2+ 34.Kf2 Nd4 35.Rg3+ Kf6 36.Bg4
Be6 37.Bxe6 Nxe6 38.Rf3+ Ke7 39.Ke3 a5 40.Nc4 Ng5 41.Rf5 Rd4 42.Nd2 a4 43.Rxc5
Rxd2 44.Rxg5 hxg5 45.Kxd2 g4 46.Kc3 Kf6 47.Kb4 Kg5 48.Kxa4 Kxh5 49.g3 f5 50.Kb4
f4 51.gxf4 g3 52.Kc5 g2 53.f5 Kg5 0-1

[Event "European Seniors Teams Ch."]
[Site "Olympus"]
[Date "2011.05.10"]
[Round "8"]
[Board "1"]
[White "Ivanovic, Bozidar"]
[Black "Rodriguez Vargas, Orestes"]
[Result "1-0"]
[WhiteElo "2409"]
[BlackElo "2405"]
[PlyCount "101"]
[EventDate "2011.05.03"]
[EventType "team"]
[EventRounds "9"]
[EventCountry "GRE"]
[WhiteTeam "Montenegro"]
[BlackTeam "Catalonia"]

1.e4 e5 2.Nf3 Nc6 3.Bb5 f5 4.d3 fxe4 5.dxe4 Nf6 6.O-O d6 7.Qd3 Be7 8.Qc4 Qd7
9.Rd1 Kf8 10.Nc3 a6 11.Ng5 Qe8 12.Bxc6 bxc6 13.f4 h6 14.Nf3 Bg4 15.fxe5 dxe5
16.Be3 g6 17.Rf1 Bd6 18.Bc5 Kg7 19.Rad1 Be6 20.Qb4 Rb8 21.Qa3 Bxc5+ 22.Qxc5 Bg4
23.b3 Qe6 24.h3 Bxf3 25.Rxf3 Rhf8 26.Qa7 Qe7 27.Rdf1 Ra8 28.Qe3 Rad8 29.Qe2 Qc5+
30.Kh2 a5 31.Rd1 Rd4 32.Rdf1 Qd6 33.R1f2 h5 34.Qf1 h4 35.Qe2 Qe7 36.Qa6 Qc5
37.Qe2 Qe7 38.Qf1 Nh7 39.Rxf8 Nxf8 40.Qa6 Qc5 41.Qc8 Qe7 42.Qa8 Ne6 43.Qxc6 Nf4
44.Ne2 Qg5 45.Qxc7+ Kh6 46.Qc8 Rd8 47.Qc3 Nxe2 48.Rxe2 Qf4+ 49.g3 Qf1 50.Qe3+
Kh7 51.Rf2 1-0

[Event "European Seniors Teams Ch."]
[Site "Olympus"]
[Date "2011.05.10"]
[Round "8"]
[Board "2"]
[White "Simon Padros, Emili"]
[Black "Zivkovic, Ljubo"]
[Result "0-1"]
[WhiteElo "2281"]
[BlackElo "2270"]
[PlyCount "56"]
[EventDate "2011.05.03"]
[EventType "team"]
[EventRounds "9"]
[EventCountry "GRE"]
[WhiteTeam "Catalonia"]
[BlackTeam "Montenegro"]

1.e4 c6 2.Nf3 g6 3.d4 Bg7 4.Bd3 d6 5.O-O Bg4 6.c3 Bxf3 7.Qxf3 Nd7 8.Na3 Qc7
9.Be3 Ngf6 10.Qe2 e5 11.f4 exd4 12.cxd4 O-O 13.Qf3 b5 14.Rac1 Qb7 15.g4 a6 16.g5
Ne8 17.e5 Rc8 18.Be4 d5 19.Bd3 b4 20.Nb1 c5 21.dxc5 Qc6 22.Nd2 Nc7 23.Nb3 Ne6
24.Qe2 Ra8 25.Qf2 Rfe8 26.Bd4 a5 27.f5 Nxg5 28.f6 Nh3+ 0-1

[Event "European Seniors Teams Ch."]
[Site "Olympus"]
[Date "2011.05.10"]
[Round "8"]
[Board "3"]
[White "Raicevic, Momcilo"]
[Black "Coll Enriquez, Lluis"]
[Result "1-0"]
[WhiteElo "2364"]
[BlackElo "2182"]
[PlyCount "103"]
[EventDate "2011.05.03"]
[EventType "team"]
[EventRounds "9"]
[EventCountry "GRE"]
[WhiteTeam "Montenegro"]
[BlackTeam "Catalonia"]

1.c4 e5 2.g3 Nc6 3.Bg2 g6 4.Nc3 Bg7 5.e3 d6 6.Nge2 Be6 7.b3 Qd7 8.h3 f5 9.d4 Bf7
10.dxe5 dxe5 11.Qxd7+ Kxd7 12.e4 Nge7 13.Ba3 Rae8 14.O-O Kc8 15.Rac1 Nd4 16.exf5
Nexf5 17.Rcd1 g5 18.Nc1 h5 19.Bc5 a6 20.Bxd4 exd4 21.Ne4 g4 22.h4 Bg6 23.Nc5 Nd6
24.N1d3 Ne4 25.Nf4 Nxc5 26.Nxg6 Rh6 27.Nf4 a5 28.Rfe1 Rxe1+ 29.Rxe1 Kd7 30.Bd5
Kd6 31.Rd1 Be5 32.Ne2 c6 33.Bg2 Kc7 34.Nc1 Rd6 35.Bf1 Rf6 36.Bd3 Nd7 37.Kg2 Bd6
38.Be4 Ne5 39.Rxd4 Bc5 40.Rd2 Nf3 41.Bxf3 gxf3+ 42.Kh3 Bb4 43.Rd1 Bc5 44.Nd3 Bd4
45.g4 hxg4+ 46.Kxg4 c5 47.h5 Rf8 48.h6 Kc6 49.h7 b5 50.Nf4 bxc4 51.bxc4 Bg7
52.Ne6 1-0

[Event "European Seniors Teams Ch."]
[Site "Olympus"]
[Date "2011.05.10"]
[Round "8"]
[Board "4"]
[White "Buxade Roca, Guillermo"]
[Black "Dragasevic, Srdja"]
[Result "1/2-1/2"]
[WhiteElo "2173"]
[BlackElo "2266"]
[PlyCount "78"]
[EventDate "2011.05.03"]
[EventType "team"]
[EventRounds "9"]
[EventCountry "GRE"]
[WhiteTeam "Catalonia"]
[BlackTeam "Montenegro"]

1.e4 Nf6 2.Nc3 d5 3.exd5 Nxd5 4.Bc4 c6 5.Nf3 Bg4 6.Qe2 e6 7.Bxd5 cxd5 8.Qb5+ Nd7
9.Ne5 Bf5 10.d3 a6 11.Qxd7+ Qxd7 12.Nxd7 Kxd7 13.Na4 Kc6 14.b3 Bd6 15.Bd2 b5
16.Nb2 Rhc8 17.O-O-O Kd7 18.Kb1 Rc6 19.f3 h6 20.g4 Bh7 21.f4 Ba3 22.Bc1 a5
23.Nc4 bxc4 24.Bxa3 cxd3 25.cxd3 a4 26.Kb2 axb3 27.axb3 Rca6 28.Bc5 Ra2+ 29.Kc3
Kc6 30.b4 R8a3+ 31.Kd4 Kb5 32.h3 Re2 33.Rhe1 Rxd3+ 34.Rxd3 Rxe1 35.Re3 Rd1+
36.Ke5 Kc6 37.Ra3 Re1+ 38.Re3 Ra1 39.Bf8 Rb1 1/2-1/2

[Event "European Seniors Teams Ch."]
[Site "Olympus"]
[Date "2011.05.10"]
[Round "8"]
[Board "1"]
[White "Rantanen, Yrjo A"]
[Black "Skalkotas, Nikolaos"]
[Result "1/2-1/2"]
[WhiteElo "2373"]
[BlackElo "2183"]
[PlyCount "143"]
[EventDate "2011.05.03"]
[EventType "team"]
[EventRounds "9"]
[EventCountry "GRE"]
[WhiteTeam "Finland 1"]
[BlackTeam "Greece"]

1.e4 e5 2.Nf3 d6 3.d4 Nf6 4.dxe5 Nxe4 5.Qd5 Nc5 6.Bg5 Be7 7.exd6 Qxd6 8.Nc3 Qe6+
9.Be2 c6 10.Qd4 O-O 11.O-O-O Bxg5+ 12.Nxg5 Qe7 13.Nge4 Nba6 14.Rhe1 Be6 15.Qd6
Qxd6 16.Nxd6 Rab8 17.f4 Nb4 18.a3 Nd5 19.Nxd5 Bxd5 20.Bf3 Bxf3 21.gxf3 a5 22.Re7
a4 23.f5 h5 24.f6 gxf6 25.Rg1+ Kh7 26.f4 Rbd8 27.Nxf7 Rde8 28.Ng5+ Kh6 29.Nf7+
Kh7 30.Rc7 Rc8 31.Ng5+ Kh6 32.Nf7+ Kh7 33.Ng5+ Kh6 34.Rh7+ Kg6 35.f5+ Kxf5
36.Nf7 Ne4 37.Rxh5+ Ke6 38.Re1 Kxf7 39.Rxe4 Kg6 40.Rhh4 b5 41.Reg4+ Kf5 42.c4
Rh8 43.Rf4+ Ke5 44.Re4+ Kd6 45.Rhf4 Rxh2 46.Rxf6+ Kc5 47.Kb1 Rh5 48.cxb5 cxb5
49.Re1 Rch8 50.Rc1+ Kd5 51.Rb6 Kd4 52.Rcc6 Rd5 53.Ka2 Rh3 54.Rc1 Rb3 55.Rh6 Re5
56.Rd6+ Ke4 57.Rcd1 Kf5 58.R1d2 Rf3 59.Rd8 Rb3 60.Rh2 Rg3 61.Rf8+ Ke4 62.Rh4+
Kd5 63.Rd8+ Kc5 64.Rh7 Rg1 65.Rc8+ Kd5 66.Rd7+ Ke6 67.Rb7 Rgg5 68.Rb6+ Kf5
69.Rd8 Ke4 70.Rd1 Rd5 71.Re6+ Rge5 72.Rxe5+ 1/2-1/2

[Event "European Seniors Teams Ch."]
[Site "Olympus"]
[Date "2011.05.10"]
[Round "8"]
[Board "2"]
[White "Tsomis, Dimitrios"]
[Black "Hurme, Harri"]
[Result "1/2-1/2"]
[WhiteElo "2187"]
[BlackElo "2277"]
[PlyCount "204"]
[EventDate "2011.05.03"]
[EventType "team"]
[EventRounds "9"]
[EventCountry "GRE"]
[WhiteTeam "Greece"]
[BlackTeam "Finland 1"]

1.e4 c5 2.Nf3 Nc6 3.d4 cxd4 4.Nxd4 g6 5.c4 Nf6 6.Nc3 Nxd4 7.Qxd4 d6 8.Bg5 Bg7
9.Qd2 O-O 10.Bd3 Bd7 11.O-O Bc6 12.f3 a5 13.Rac1 a4 14.Rfd1 Nd7 15.Be3 Nc5
16.Bf1 f5 17.exf5 gxf5 18.Bd4 Bxd4+ 19.Qxd4 Rf7 20.Qf2 Qf8 21.Nd5 Kh8 22.b4 axb3
23.axb3 e5 24.b4 Nb3 25.Rb1 Nd4 26.Nb6 Rd8 27.b5 Be8 28.Nd5 Rg7 29.Rxd4 exd4
30.Qxd4 Bf7 31.Nf4 Qe7 32.Rd1 Rc8 33.Nd5 Qe5 34.Nb6 Rcg8 35.Qxe5 dxe5 36.Kf2 Re8
37.c5 e4 38.fxe4 fxe4 39.Ke3 Bg6 40.Rd6 Kg8 41.c6 Kf8 42.Nd5 bxc6 43.bxc6 Bf5
44.c7 Rc8 45.Ba6 Rcxc7 46.Nxc7 Rxc7 47.Rf6+ Rf7 48.Rxf7+ Kxf7 49.Bb7 h6 50.Kf4
Kf6 51.h4 e3 52.Kxe3 Ke5 53.Bf3 Bc2 54.g4 Bb3 55.Be2 Bc2 56.Kf3 Be4+ 57.Kg3 Bc2
58.Bc4 Bb1 59.Bf7 Bc2 60.Be8 Bb1 61.Bd7 Bc2 62.g5 hxg5 63.hxg5 Bf5 64.Be8 Bc2
65.Kh4 Bd1 66.Bd7 Kd6 67.Bg4 Bc2 68.Kh5 Ke7 69.Kh6 Kf8 70.Bh5 Bd3 71.Bg6 Bc4
72.Kh7 Bb3 73.Kh8 Bc4 74.Be4 Bf7 75.Bf5 Be8 76.Kh7 Bf7 77.Bd3 Bg8+ 78.Kh6 Bf7
79.Bb5 Kg8 80.Bc6 Kh8 81.Bd7 Kg8 82.Bf5 Kh8 83.Bg6 Bc4 84.Be8 Bd3 85.Bf7 Bc2
86.Bg6 Bb3 87.Bh5 Bc2 88.Bg4 Bd3 89.Be6 Bg6 90.Bd7 Bd3 91.Be8 Bc2 92.Bg6 Bb3
93.Bf5 Bf7 94.Bh7 Be8 95.Be4 Bf7 96.Bc6 Kg8 97.Bd7 Kh8 98.Bg4 Kg8 99.Bh5 Bxh5
100.Kxh5 Kg7 101.g6 Kg8 102.Kg5 Kg7 1/2-1/2

[Event "European Seniors Teams Ch."]
[Site "Olympus"]
[Date "2011.05.10"]
[Round "8"]
[Board "3"]
[White "Havansi, Erkki E T"]
[Black "Aftsoglou, Ioannis"]
[Result "0-1"]
[WhiteElo "2248"]
[BlackElo "2168"]
[PlyCount "120"]
[EventDate "2011.05.03"]
[EventType "team"]
[EventRounds "9"]
[EventCountry "GRE"]
[WhiteTeam "Finland 1"]
[BlackTeam "Greece"]

1.c4 Nf6 2.Nf3 d6 3.d4 Nbd7 4.d5 e5 5.dxe6 fxe6 6.g3 e5 7.Bg2 Be7 8.O-O O-O
9.Nc3 c6 10.h3 Ne8 11.b3 Kh8 12.Qc2 Nc5 13.Be3 Bf5 14.Qb2 Nd7 15.Rfd1 Bg6 16.Rd2
h6 17.Rad1 Qc7 18.Qc1 Bh7 19.Rb2 Ndf6 20.b4 Bd8 21.Qd2 Qe7 22.Qc1 a6 23.Nd2 Rc8
24.Nde4 Qe6 25.Nxf6 Bxf6 26.Na4 Rc7 27.Nb6 Rcf7 28.a4 Rc7 29.Qd2 Be7 30.b5 axb5
31.axb5 Nf6 32.Qa5 Bd8 33.bxc6 bxc6 34.Qb4 c5 35.Qa3 Rcf7 36.Rf1 Ne4 37.Nd5 Bg5
38.h4 Bxe3 39.Qxe3 Nxf2 40.Bf3 Ne4 41.Kh2 Nxg3 42.Kxg3 e4 43.Rb3 Qg6+ 44.Kh2
exf3 45.Rxf3 Rxf3 46.exf3 Qc2+ 47.Kg3 Qxc4 48.Nf4 Qf7 49.Rc3 Bf5 50.Qd2 Qf6
51.Rc1 g5 52.Nd5 Qe5+ 53.Kg2 Bh3+ 54.Kxh3 Rxf3+ 55.Kg2 Qg3+ 56.Kh1 Qxh4+ 57.Kg1
Rg3+ 58.Kf1 Qh1+ 59.Ke2 Qf3+ 60.Ke1 Rg1# 0-1

[Event "European Seniors Teams Ch."]
[Site "Olympus"]
[Date "2011.05.10"]
[Round "8"]
[Board "1"]
[White "Pritchett, Craig W"]
[Black "Watzka, Horst"]
[Result "1-0"]
[WhiteElo "2327"]
[BlackElo "2274"]
[PlyCount "89"]
[EventDate "2011.05.03"]
[EventType "team"]
[EventRounds "9"]
[EventCountry "GRE"]
[WhiteTeam "Scotland"]
[BlackTeam "Steiermark, Austria"]

1.e4 e5 2.Nf3 Nc6 3.Bb5 a6 4.Ba4 Nf6 5.O-O Be7 6.Re1 b5 7.Bb3 d6 8.c3 O-O 9.h3
Nb8 10.d4 Nbd7 11.Nbd2 Bb7 12.Bc2 c5 13.d5 c4 14.b3 cxb3 15.axb3 Qc7 16.c4 Rfc8
17.Bb2 a5 18.Qe2 Bf8 19.Rec1 b4 20.Nh2 g6 21.Ng4 Bg7 22.Rf1 Re8 23.g3 Bc8 24.Kg2
Nxg4 25.hxg4 Nf6 26.g5 Nh5 27.Rh1 Qd7 28.Nf1 Qg4 29.Qxg4 Bxg4 30.Ne3 Bd7 31.Bd1
h6 32.Bxh5 gxh5 33.Rxh5 hxg5 34.Rxg5 Kf8 35.Nf5 Bxf5 36.Rxf5 a4 37.Rxa4 Rxa4
38.bxa4 Rc8 39.Rf3 Rxc4 40.Rb3 Rxe4 41.a5 Rc4 42.a6 Rc5 43.Rxb4 Ra5 44.Rb6 Ke7
45.Bc3 1-0

[Event "European Seniors Teams Ch."]
[Site "Olympus"]
[Date "2011.05.10"]
[Round "8"]
[Board "2"]
[White "Kratschmer, Heinz"]
[Black "Jamieson, Peter M"]
[Result "1/2-1/2"]
[WhiteElo "2177"]
[BlackElo "2277"]
[PlyCount "55"]
[EventDate "2011.05.03"]
[EventType "team"]
[EventRounds "9"]
[EventCountry "GRE"]
[WhiteTeam "Steiermark, Austria"]
[BlackTeam "Scotland"]

1.d4 g6 2.e4 Bg7 3.Nf3 d6 4.Nc3 c6 5.Be2 Nf6 6.O-O O-O 7.Re1 Bg4 8.a4 Nbd7 9.e5
Nd5 10.Nxd5 cxd5 11.exd6 exd6 12.h3 Bf5 13.Bd3 Bxd3 14.Qxd3 Nf6 15.Bg5 Qc7
16.Bxf6 Bxf6 17.Re2 Qc6 18.c3 Rfe8 19.Kf1 Re4 20.Nd2 Rxe2 21.Qxe2 Re8 22.Qb5 Bg5
23.Nf3 Bh6 24.Ne1 Qc4+ 25.Nd3 Re7 26.Re1 Rxe1+ 27.Kxe1 a5 28.f4 1/2-1/2

[Event "European Seniors Teams Ch."]
[Site "Olympus"]
[Date "2011.05.10"]
[Round "8"]
[Board "3"]
[White "White, Alastair F"]
[Black "Nickl, Klaus"]
[Result "1/2-1/2"]
[WhiteElo "2102"]
[BlackElo "2149"]
[PlyCount "130"]
[EventDate "2011.05.03"]
[EventType "team"]
[EventRounds "9"]
[EventCountry "GRE"]
[WhiteTeam "Scotland"]
[BlackTeam "Steiermark, Austria"]

1.e4 e5 2.Nf3 Nc6 3.Nc3 Nf6 4.d4 exd4 5.Nxd4 Bb4 6.Nxc6 bxc6 7.Bd3 d5 8.exd5
cxd5 9.O-O O-O 10.Bg5 c6 11.Qf3 Bd6 12.Rfe1 Rb8 13.Nd1 h6 14.Bxf6 Qxf6 15.Qxf6
gxf6 16.b3 Be5 17.Rc1 Be6 18.c4 d4 19.g3 c5 20.f4 Bd6 21.Nf2 f5 22.Rc2 Kg7
23.Bf1 Kf6 24.Nd3 a5 25.Rb1 Rg8 26.Be2 Bd7 27.Bf3 Rge8 28.Re1 Rxe1+ 29.Nxe1 a4
30.Rb2 Re8 31.Kf2 Re3 32.Bd1 a3 33.Rd2 Bc7 34.Nc2 Ba5 35.Nxe3 Bxd2 36.Nc2 Bc1
37.Ne1 Ke6 38.Ke2 Kd6 39.Kd3 Be3 40.Bf3 Bg1 41.Ke2 Be3 42.Nc2 Bc1 43.Kd3 Bb2
44.Ne1 Bc3 45.Ng2 Bb2 46.Bh5 Bc6 47.Ne1 Be4+ 48.Kd2 Bc3+ 49.Kd1 Bb1 50.Nc2 Bxa2
51.Nxa3 Bxb3+ 52.Ke2 Bb4 53.Nb5+ Ke7 54.Kd3 Ba2 55.Bd1 Bb1+ 56.Bc2 Bxc2+ 57.Kxc2
Be1 58.Kd3 Bf2 59.Ke2 Bg1 60.Kf1 Be3 61.Nc7 Kd7 62.Nd5 Bc1 63.Ke2 Ke6 64.Nc7+
Kd7 65.Nd5 Ke6 1/2-1/2

[Event "European Seniors Teams Ch."]
[Site "Olympus"]
[Date "2011.05.10"]
[Round "8"]
[Board "4"]
[White "Pitzl, Konstantinos"]
[Black "Mckerracher, Douglas"]
[Result "0-1"]
[WhiteElo "2095"]
[BlackElo "1945"]
[PlyCount "70"]
[EventDate "2011.05.03"]
[EventType "team"]
[EventRounds "9"]
[EventCountry "GRE"]
[WhiteTeam "Steiermark, Austria"]
[BlackTeam "Scotland"]

1.Nf3 f5 2.g3 Nf6 3.Bg2 e6 4.b3 d5 5.Bb2 Bd6 6.O-O O-O 7.d3 Nc6 8.Nbd2 e5 9.c4
d4 10.a3 a5 11.Qc2 Bc5 12.Qc1 Qe7 13.Ng5 h6 14.Ngf3 g5 15.Ne1 g4 16.Bd5+ Kg7
17.Ng2 Qd6 18.Bxc6 Qxc6 19.e3 b6 20.exd4 exd4 21.Nf4 Bb7 22.f3 Rad8 23.Qe1 Rfe8
24.Qf2 Re3 25.Qg2 Rde8 26.Ne4 gxf3 27.Qh3 fxe4 28.Qf5 Ng8 29.Nd5 Rxd3 30.Rae1
Bc8 31.Qf4 Bd6 32.Qh4 Bf5 33.Bc1 Be7 34.Bxh6+ Qxh6 35.Nxe7 Nxe7 0-1

[Event "European Seniors Teams Ch."]
[Site "Olympus"]
[Date "2011.05.10"]
[Round "8"]
[Board "1"]
[White "Bachmann, Karlheinz"]
[Black "Baumbach, Friedrich Dr"]
[Result "1/2-1/2"]
[WhiteElo "2282"]
[BlackElo "2283"]
[PlyCount "32"]
[EventDate "2011.05.03"]
[EventType "team"]
[EventRounds "9"]
[EventCountry "GRE"]
[WhiteTeam "Sportfreunde, Katernberg"]
[BlackTeam "Stiftung BSW DBAG 1"]

1.d4 d5 2.c4 e6 3.Nc3 Nf6 4.Bg5 Be7 5.e3 h6 6.Bh4 O-O 7.Nf3 Ne4 8.Bxe7 Qxe7
9.cxd5 Nxc3 10.bxc3 exd5 11.Qb3 Rd8 12.c4 dxc4 13.Bxc4 Nc6 14.Be2 b6 15.Qc3 Bb7
16.O-O Na5 1/2-1/2

[Event "European Seniors Teams Ch."]
[Site "Olympus"]
[Date "2011.05.10"]
[Round "8"]
[Board "2"]
[White "Kugelmann, Werner"]
[Black "Rosen, Willy"]
[Result "0-1"]
[WhiteElo "2226"]
[BlackElo "2285"]
[PlyCount "59"]
[EventDate "2011.05.03"]
[EventType "team"]
[EventRounds "9"]
[EventCountry "GRE"]
[WhiteTeam "Stiftung BSW DBAG 1"]
[BlackTeam "Sportfreunde, Katernberg"]

1.e4 c5 2.Nf3 Nc6 3.d4 cxd4 4.Nxd4 Qb6 5.Nb3 Nf6 6.Nc3 e6 7.Bd3 Bb4 8.O-O Bxc3
9.bxc3 O-O 10.Bg5 Ne8 11.Be3 Qc7 12.f4 f6 13.Kh1 b6 14.Qe1 Bb7 15.Rd1 Ne7 16.Bg1
Nd6 17.c4 f5 18.e5 Ne4 19.Nd4 Ng6 20.Nb5 Qd8 21.Be2 Rc8 22.Nd6 Nxd6 23.Rxd6 Nh4
24.Rf2 Rf7 25.Bf1 g5 26.fxg5 Qxg5 27.Qd2 Qg7 28.Qe1 Rxc4 29.Rfd2 Rg4 30.R6d4 0-1

[Event "European Seniors Teams Ch."]
[Site "Olympus"]
[Date "2011.05.10"]
[Round "8"]
[Board "3"]
[White "Neese, Hans-Joachim"]
[Black "Fleuch, Hans-Juergen"]
[Result "1/2-1/2"]
[WhiteElo "2234"]
[BlackElo "2078"]
[PlyCount "63"]
[EventDate "2011.05.03"]
[EventType "team"]
[EventRounds "9"]
[EventCountry "GRE"]
[WhiteTeam "Sportfreunde, Katernberg"]
[BlackTeam "Stiftung BSW DBAG 1"]

1.d4 Nf6 2.Nf3 g6 3.Bf4 Bg7 4.e3 d6 5.h3 O-O 6.Nbd2 b6 7.Be2 c5 8.c3 Bb7 9.O-O
Nbd7 10.Qc2 Qc7 11.Rfe1 Rfe8 12.Bh2 Nf8 13.e4 e5 14.dxe5 dxe5 15.Bc4 N6d7 16.Ng5
Re7 17.Qb3 Nb8 18.Re3 Nc6 19.Rf3 Nd8 20.h4 h6 21.Nh3 Nc6 22.Qc2 Ne6 23.Nf1 Na5
24.Bd5 Rd8 25.Rd1 Bc8 26.Rfd3 Ba6 27.Re3 Nc4 28.Ree1 Na5 29.b3 Ree8 30.Ne3 Qe7
31.Bg3 Bf6 32.Ng4 1/2-1/2

[Event "European Seniors Teams Ch."]
[Site "Olympus"]
[Date "2011.05.10"]
[Round "8"]
[Board "4"]
[White "Hollstein, Joachim"]
[Black "Armbruester, Juergen"]
[Result "1/2-1/2"]
[WhiteElo "2075"]
[BlackElo "1600"]
[PlyCount "50"]
[EventDate "2011.05.03"]
[EventType "team"]
[EventRounds "9"]
[EventCountry "GRE"]
[WhiteTeam "Stiftung BSW DBAG 1"]
[BlackTeam "Sportfreunde, Katernberg"]

1.d4 Nf6 2.Nf3 g6 3.Bf4 Bg7 4.Nbd2 d5 5.c4 c6 6.e3 O-O 7.Bd3 b6 8.Rc1 e6 9.h4 h5
10.Ne5 Bb7 11.c5 Nfd7 12.g4 Nxe5 13.Bxe5 Nd7 14.gxh5 Nxe5 15.dxe5 Bxe5 16.hxg6
fxg6 17.Qg4 Qf6 18.Bxg6 Qxf2+ 19.Kd1 Qg3 20.Qh5 Rf2 21.Qh7+ Kf8 22.Rf1 Rxf1+
23.Nxf1 Qf3+ 24.Kc2 Ba6 25.Nd2 Qf6 1/2-1/2

[Event "European Seniors Teams Ch."]
[Site "Olympus"]
[Date "2011.05.10"]
[Round "8"]
[Board "1"]
[White "Vucenovic, Dragomir"]
[Black "Gundersen, Helge"]
[Result "1/2-1/2"]
[WhiteElo "2249"]
[BlackElo "2234"]
[PlyCount "52"]
[EventDate "2011.05.03"]
[EventType "team"]
[EventRounds "9"]
[EventCountry "GRE"]
[WhiteTeam "Switzerland"]
[BlackTeam "Norway 1"]

1.d4 e6 2.Nf3 f5 3.g3 Nf6 4.Bg2 d5 5.O-O Bd6 6.b3 Qe7 7.c4 c6 8.Bb2 O-O 9.Qc1
Nbd7 10.Ba3 dxc4 11.bxc4 e5 12.e3 Rb8 13.Bxd6 Qxd6 14.Qa3 Qxa3 15.Nxa3 e4 16.Nd2
Nb6 17.c5 Nbd5 18.Nac4 Nc3 19.Rfe1 Be6 20.Bf1 b5 21.Ne5 Rfc8 22.Nb3 Nd7 23.Nxd7
Bxd7 24.Rec1 Nd5 25.Na5 Be6 26.a3 Kf7 1/2-1/2

[Event "European Seniors Teams Ch."]
[Site "Olympus"]
[Date "2011.05.10"]
[Round "8"]
[Board "2"]
[White "Hauge, Tor Arne"]
[Black "Bhend, Edwin"]
[Result "1/2-1/2"]
[WhiteElo "2157"]
[BlackElo "2257"]
[PlyCount "126"]
[EventDate "2011.05.03"]
[EventType "team"]
[EventRounds "9"]
[EventCountry "GRE"]
[WhiteTeam "Norway 1"]
[BlackTeam "Switzerland"]

1.e4 c5 2.d3 Nc6 3.g3 e6 4.Bg2 d5 5.Nd2 Nf6 6.Ne2 Be7 7.O-O O-O 8.Nf4 dxe4
9.Nxe4 Nxe4 10.Bxe4 g6 11.Re1 Bd7 12.c3 Qc7 13.h4 Bf6 14.Nh5 Bh8 15.Bh6 Rfe8
16.Nf4 Ne7 17.h5 e5 18.hxg6 hxg6 19.Nd5 Nxd5 20.Bxd5 Bc6 21.Qf3 Re6 22.Bxc6 Qxc6
23.Qxc6 Rxc6 24.Rad1 Rd8 25.f4 Re6 26.fxe5 Rxe5 27.Bf4 Rxe1+ 28.Rxe1 Bf6 29.Rd1
Kg7 30.Kf2 b6 31.Be3 Be5 32.a4 f5 33.a5 Kf6 34.axb6 axb6 35.d4 cxd4 36.cxd4 Bd6
37.Rc1 Ke6 38.Kf3 Kd5 39.Rh1 Rg8 40.Bg5 b5 41.Bf6 Rc8 42.Rh2 Rc1 43.Re2 Rd1
44.Be5 Rd3+ 45.Kg2 Rb3 46.Kf2 g5 47.Kg2 g4 48.Kf2 b4 49.Kg2 Rd3 50.Kf2 b3
51.Bxd6 Kxd6 52.Re5 Rd2+ 53.Ke3 Rxb2 54.Rxf5 Rb1 55.Rb5 b2 56.Kd2 Rg1 57.Rxb2
Rg2+ 58.Kc3 Rxg3+ 59.Kc4 Rh3 60.Rb6+ Ke7 61.Rg6 g3 62.Kd5 Kf7 63.Rg4 Kf6 1/2-1/2